|
|
|
|
| LEADER |
00000nam a22000007a 4500 |
| 005 |
20110907095524.0 |
| 008 |
110907t2009 cl ||||s|||| 00| 0 spa d |
| 020 |
|
|
|a 978-956-10-1916-7
|
| 035 |
|
|
|a 5232
|
| 040 |
|
|
|a vLex
|
| 090 |
|
|
|c 2398
|d 2398
|
| 100 |
1 |
|
|a Silva Abbott, Max
|
| 245 |
1 |
3 |
|a La Evolucin̤ de la Ciencia Jurd̕ica en Norberto Bobbio
|h [Recurso electrn̤ico] /
|c Max Silva Abbott
|
| 256 |
|
|
|a Servicio en ln̕ea.
|
| 260 |
|
|
|a [Chile] :
|b Editorial jurd̕ica de Chile,
|c 2009.
|
| 300 |
|
|
|a 1 recurso electrn̤ico
|
| 506 |
1 |
|
|a Contenido solo disponible en los productos indicados
|d vLex Global
|d vLex Global (Academic Edition, excluding Law Schools)
|d vLex Global (U.S. Academic Edition, Law Schools)
|d vLex Global (U.S. Academic Edition, excluding Law Schools)
|d vLex Global (Academic Edition, Law Schools)
|
| 650 |
0 |
4 |
|a Jurisprudencia
|z Chile
|
| 740 |
0 |
|
|a vLex Libros (Servicio en ln̕ea)
|
| 856 |
4 |
0 |
|u http://vlex.com/source/evolucion-ciencia-juridica-norberto-bobbio-5232
|z Acceso restringido
|
| 942 |
|
|
|c BOOK
|